[Event "Julian Mazur Memorial"]
[Site "Wellington Chess Club"]
[Date "2010.10.26"]
[Round "2"]
[White "Kay, Bruce"]
[Black "Whittle, Jonathon"]
[Result "1-0"]
[WhiteElo "1738"]
[BlackElo "1571"]

1. d4 e6 2. c4 b6 3. e4 g6 4. Nf3 Bg7 5. Nc3 Ne7 6. Be2 d6 7. O-O Nd7 8. Be3 h6
9. Qd2 Bb7 10. Rfd1 a6 11. Rac1 g5 12. h3 Nf6 13. Qc2 Ng6 14. a3 Qe7 15. b4 c5
16. dxc5 dxc5 17. bxc5 bxc5 18. Qa4+ Kf8 19. e5 Ne4 20. Rd7 Nxc3 21. Rxc3 Qe8
22. Rcd3 Bxe5 23. Qd1 Be4 24. Rd8 Bxd3 25. Rxe8+ Rxe8 26. Qxd3 Kg7 27. Nxe5
Nxe5 28. Qc3 f6 29. Bxc5 Rc8 30. Bd4 Nd7 31. Qb4 Kf7 32. Qd6 Rhd8 33. Bh5+ Kg7
34. Qxe6 Kh7 35. Qf7+ Kh8 36. Bg6 1-0

[Event "Julian Mazur Memorial"]
[Site "Wellington Chess Club"]
[Date "2010.10.26"]
[Round "2"]
[White "Ker, Anthony"]
[Black "Jackson, Ross"]
[Result "1-0"]
[WhiteElo "2432"]
[BlackElo "1977"]

1. e4 d5 2. exd5 Qxd5 3. Nc3 Qd6 4. d4 Nf6 5. Nf3 c6 6. Ne5 Nbd7 7. Bf4 Nxe5 8.
dxe5 Qxd1+ 9. Rxd1 Nh5 10. Be3 Bf5 11. Be2 1-0

[Event "Julian Mazur Memorial"]
[Site "Wellington Chess Club"]
[Date "2010.10.26"]
[Round "2"]
[White "Nijman, Brian"]
[Black "Stracy, Don"]
[Result "1-0"]
[WhiteElo "2160"]
[BlackElo "1796"]

1. d4 Nf6 2. Nc3 d5 3. Bg5 Bf5 4. e3 e6 5. Bd3 Bxd3 6. cxd3 Nbd7 7. Nf3 c6 8.
Ne5 Be7 9. O-O O-O 10. Qb3 Qc8 11. a4 Re8 12. f4 Nxe5 13. Bxf6 Nd7 14. Bxe7
Rxe7 15. Qa3 Re8 16. Rac1 b6 17. Nb5 Rd8 18. Rc2 c5 19. Rfc1 a6 20. Nc3 Qb7 21.
Ne2 Rac8 22. a5 Rc6 23. axb6 Qxb6 24. dxc5 Qa7 25. Nd4 Rc7 26. b4 Rdc8 27. Ra2
Nb8 28. Rca1 Rb7 29. Qa4 Rbc7 30. Nb5 Qa8 31. Nxc7 Rxc7 32. Qe8# 1-0

[Event "Julian Mazur Memorial"]
[Site "Wellington Chess Club"]
[Date "2010.10.26"]
[Round "2"]
[White "Proctor, Matthew"]
[Black "Havukkala, Ilkka"]
[Result "0-1"]
[WhiteElo "1365"]
[BlackElo "1600"]

1. e4 c5 2. Nf3 Nc6 3. Bb5 Nd4 4. Nxd4 cxd4 5. d3 Qa5+ 6. c3 Qxb5 7. O-O e5 8.
f4 exf4 9. Bxf4 Qxb2 10. Be5 dxc3 11. Nxc3 Qb6+ 12. Rf2 Nf6 13. Rb1 Qc6 14. Nb5
d6 15. Bxf6 gxf6 16. Rxf6 Be7 17. Rxf7 Kxf7 18. Qb3+ Be6 19. Rf1+ Bf6 0-1

[Event "Julian Mazur Memorial"]
[Site "Wellington Chess Club"]
[Date "2010.10.26"]
[Round "2"]
[White "Roberts, Michael"]
[Black "Marney, John"]
[Result "1-0"]
[WhiteElo "1710"]
[BlackElo "1503"]

1. e4 e5 2. f4 exf4 3. Nf3 Nc6 4. d4 Qe7 5. Bd3 g5 6. c3 d5 7. O-O dxe4 8. Bxe4
Qf6 9. Nbd2 Bf5 10. Bxf5 Qxf5 11. Ne4 Be7 12. Nf2 O-O-O 13. Qe2 Nf6 14. a4 a5
15. Qc4 Nd5 16. Bd2 Ne3 17. Bxe3 fxe3 18. Nd3 Qd5 19. Qxd5 Rxd5 20. Rae1 g4 21.
Nfe5 Nxe5 22. Nxe5 Bg5 23. Rxf7 h5 24. Nc4 Re8 25. Re2 Rd7 26. Rf5 Bh6 27. Nxa5
Rh7 28. Nc4 Re4 29. Ne5 h4 30. Rf6 g3 31. h3 Rf4 32. Rxf4 Bxf4 33. Ng4 Re7 34.
Kf1 Kd7 35. Re1 Kd6 36. Ke2 Kd5 37. Kd3 e2 38. c4+ Kd6 39. Rxe2 Rxe2 40. Kxe2
Bc1 41. b3 Bb2 42. Kd3 c5 43. d5 Bd4 44. Ke4 Kc7 45. Kf5 Kb6 46. Ke6 Kc7 47.
d6+ Kd8 48. Ne5 Bxe5 49. Kxe5 Kd7 50. Kd5 b6 51. Ke5 Kd8 52. Ke6 Ke8 53. d7+
Kd8 54. Kd6 b5 55. a5 b4 56. Kc6 1-0

[Event "Julian Mazur Memorial"]
[Site "Wellington Chess Club"]
[Date "2010.10.26"]
[Round "2"]
[White "Turner, Michael"]
[Black "Sknar, Andrew"]
[Result "1-0"]
[WhiteElo "2099"]
[BlackElo "100"]

1. d4 d5 2. c4 Nf6 3. Nc3 e6 4. Bf4 Bd6 5. Bxd6 Qxd6 6. c5 Qe7 7. Nf3 h6 8. e3
O-O 9. Bd3 Bd7 10. h3 Nc6 11. Rc1 e5 12. dxe5 Nxe5 13. Nxe5 Qxe5 14. O-O d4 15.
exd4 Qxd4 16. Bh7+ Kxh7 17. Qxd4 Rad8 18. Ne4 Nh5 19. Qd3 Kg8 20. Rcd1 a6 21.
Qxd7 Rxd7 22. Rxd7 Rc8 23. Rfd1 f5 24. Rd8+ Rxd8 25. Rxd8+ Kh7 26. Ng3 Kg6 27.
Nxh5 Kxh5 28. Rd7 b6 29. c6 g5 30. Rxc7 f4 31. Rg7 a5 32. c7 b5 33. c8=Q 1-0

[Event "Julian Mazur Memorial"]
[Site "Wellington Chess Club"]
[Date "2010.10.26"]
[Round "2"]
[White "Veldhuizen, Matt"]
[Black "Pomeroy, Arthur"]
[Result "0-1"]
[WhiteElo "1481"]
[BlackElo "2099"]

1. e4 c5 2. Nf3 d6 3. Nc3 a6 4. d4 cxd4 5. Nxd4 Nf6 6. Be3 e5 7. Nf3 Be7 8. Bd3
O-O 9. h3 b5 10. O-O Bb7 11. Nd2 b4 12. Ne2 Nc6 13. Ng3 d5 14. exd5 Nxd5 15.
Nf5 Nd4 16. Qg4 Nxf5 17. Qxf5 g6 18. Qf3 f5 19. Bh6 e4 20. Nxe4 fxe4 21. Qxe4
Kh8 22. Bxf8 Qxf8 23. Rad1 Rb8 24. Rde1 Bf6 25. Qe6 Nf4 26. Qd7 Bxg2 27. Bxa6
Bxh3 28. Qc6 Bg2 29. Qc7 Nd5 30. Qg3 Bxf1 31. Bxf1 Re8 32. Rxe8 Qxe8 33. Qb3
Qe5 34. Qc4 Qg5+ 35. Bg2 Nf4 36. Qe4 Qxg2+ 37. Qxg2 Nxg2 0-1

[Event "Julian Mazur Memorial"]
[Site "Wellington Chess Club"]
[Date "2010.10.26"]
[Round "2"]
[White "Wilkins, Mark"]
[Black "Wastney, Scott"]
[Result "0-1"]
[WhiteElo "1921"]
[BlackElo "2375"]

1. d4 d5 2. c4 e6 3. Nc3 Nf6 4. cxd5 exd5 5. Bg5 c6 6. e3 Qb6 7. Qc2 Ne4 8. Bf4
Bf5 9. Bd3 Nd7 10. Nge2 Ndf6 11. f3 Nxc3 12. bxc3 Bxd3 13. Qxd3 Qd8 14. Rb1 Qd7
15. O-O Be7 16. e4 O-O 17. Ng3 Ne8 18. exd5 cxd5 19. Qb5 Qd8 20. Qxb7 g6 21.
Rb5 Nd6 22. Bxd6 Qxd6 23. Qxd5 Qa3 24. Qb3 Qa6 25. Ne4 Rac8 26. Rc1 Rfd8 27. d5
Rd7 28. c4 f5 29. Nc3 Bc5+ 30. Kf1 Qd6 31. g3 Re7 32. Re1 Rce8 33. Rxe7 Qxe7
34. Rb8 Qe1+ 35. Kg2 Qf2+ 36. Kh3 Qf1+ 0-1

[Event "Julian Mazur Memorial"]
[Site "Wellington Chess Club"]
[Date "2010.11.02"]
[Round "3"]
[White "Aldridge, Alan"]
[Black "Roberts, Michael"]
[Result "0-1"]
[WhiteElo "1909"]
[BlackElo "1710"]

1. d4 Nf6 2. Bf4 d6 3. Nf3 Nbd7 4. Qd3 c5 5. c3 g6 6. Nbd2 Bg7 7. e4 O-O 8. Be2
Re8 9. O-O e5 10. dxe5 dxe5 11. Bg3 Nh5 12. Qd5 Nxg3 13. fxg3 Qe7 14. Nb3 Nf6
15. Qd3 b6 16. Ne1 Bb7 17. Bf3 Rad8 18. Qe2 Bc6 19. Nc2 a5 20. Nd2 b5 21. c4
Qd7 22. Rad1 a4 23. Nb1 Qb7 24. Rxd8 Rxd8 25. b4 bxc4 26. bxc5 Qb5 27. Qf2 Bf8
28. Nc3 Qxc5 29. Be2 Qxf2+ 30. Kxf2 Nxe4+ 31. Nxe4 Bxe4 32. Ne3 c3 33. Bf3 Rd2+
34. Ke1 Bd3 35. Rf2 Rxf2 0-1

[Event "Julian Mazur Memorial"]
[Site "Wellington Chess Club"]
[Date "2010.11.02"]
[Round "3"]
[White "Dive, Russell"]
[Black "Wastney, Scott"]
[Result "1/2-1/2"]
[WhiteElo "2460"]
[BlackElo "2375"]

1. d4 d5 2. c4 e6 3. Nc3 Be7 4. Bf4 Nf6 5. e3 O-O 6. Nf3 c5 7. dxc5 Bxc5 8.
cxd5 Nxd5 9. Nxd5 exd5 10. a3 Nc6 11. Rc1 Bb6 12. Bd3 d4 13. Ng5 h6 14. Qh5
dxe3 15. Bh7+ Kh8 16. fxe3 Qe7 17. Be4 Bd7 18. O-O f5 19. Bxc6 Bxe3+ 20. Bxe3
Qxe3+ 21. Kh1 Bxc6 22. Nf7+ Kg8 23. Rce1 Qd2 24. Re2 Qd7 25. Ne5 Qd6 26. Nxc6
Qxc6 27. h3 f4 28. Qg4 Rf6 29. Re7 Rg6 30. Qf3 Qxf3 31. Rxf3 Rb6 32. Rxf4 Rf8
33. Rxf8+ 1/2-1/2

[Event "Julian Mazur Memorial"]
[Site "Wellington Chess Club"]
[Date "2010.11.02"]
[Round "3"]
[White "Farrington, Lawrence"]
[Black "Gillespie, John"]
[Result "1-0"]
[WhiteElo "1696"]
[BlackElo "1517"]

1. d4 Nf6 2. c4 g6 3. Nc3 Bg7 4. Nf3 O-O 5. e4 d6 6. Be2 c5 7. d5 e6 8. O-O
exd5 9. exd5 Bf5 10. Bd3 Bxd3 11. Qxd3 Nbd7 12. Bf4 Nb6 13. Rab1 Re8 14. b3 Nh5
15. Be3 Nd7 16. Rbe1 a6 17. Re2 Qa5 18. Rc2 Ne5 19. Nxe5 Bxe5 20. g3 f5 21. f4
Bg7 22. Nd1 Re7 23. Bd2 Qb6 24. Bc3 Bd4+ 25. Bxd4 cxd4 26. Kg2 Rae8 27. Rd2 Qa5
28. Qxd4 Re2+ 29. Rf2 Rxf2+ 30. Qxf2 Nf6 31. Re2 Ne4 32. Qe1 Kf7 33. Qxa5 1-0

[Event "Julian Mazur Memorial"]
[Site "Wellington Chess Club"]
[Date "2010.11.02"]
[Round "3"]
[White "Havukkala, Ilkka"]
[Black "Wilkins, Mark"]
[Result "1/2-1/2"]
[WhiteElo "1600"]
[BlackElo "1921"]

1. e4 c6 2. d4 d5 3. e5 Bf5 4. Bd3 Bxd3 5. Qxd3 e6 6. Ne2 Nd7 7. Ng3 c5 8. c3
Qc7 9. O-O Ne7 10. f4 g6 11. Na3 a6 12. Be3 c4 13. Qe2 h5 14. h4 Nf5 15. Nxf5
gxf5 16. Nc2 Be7 17. g3 O-O-O 18. Kf2 Rdg8 19. Ne1 Nf8 20. Nf3 Ng6 21. Ng5 Rg7
22. Rfb1 Bd8 23. Qd1 Ne7 24. b4 b6 25. a4 Ng8 26. a5 b5 27. Qe2 Nh6 28. Rg1
Ng4+ 29. Ke1 Re8 30. Kd2 Qe7 31. Kc2 Qf8 32. Rg2 Be7 33. Rb1 Qg8 34. Bd2 Kd7
35. Qf3 Qh8 36. Re2 Bxg5 37. fxg5 Qh7 38. Bf4 1/2-1/2

[Event "Julian Mazur Memorial"]
[Site "Wellington Chess Club"]
[Date "2010.11.02"]
[Round "3"]
[White "Hewson, Michael"]
[Black "Whittle, Jonathon"]
[Result "0-1"]
[WhiteElo "1708"]
[BlackElo "1571"]

1. e4 g6 2. d4 Bg7 3. Nf3 d6 4. Bg5 Nd7 5. Bb5 a6 6. Ba4 h6 7. Bh4 b6 8. Bc6
Rb8 9. c3 g5 10. Bg3 e6 11. O-O Ne7 12. Ba4 O-O 13. Nbd2 c5 14. Bxd6 cxd4 15.
Bxb8 dxc3 16. bxc3 Nxb8 17. Rc1 b5 18. Bb3 Bb7 19. Re1 Nd7 20. Nd4 Nc5 21. Qc2
e5 22. Ne2 Nd3 23. Bd5 Nxe1 24. Rxe1 Nxd5 25. exd5 Qxd5 26. f3 Rc8 27. Rd1 Qc5+
28. Kf1 Qe3 29. Ne4 Bxe4 30. Qxe4 Qa7 31. Rc1 Rc4 32. Qd5 Qc7 33. Qa8+ Qc8 34.
Qxc8+ Rxc8 35. Ng3 Rc4 36. Ke2 Kf8 37. Ne4 Ke7 38. Kd3 f5 39. Nd2 Ra4 40. Rc2
Kd6 41. c4 Ra3+ 42. Nb3 b4 43. c5+ Kc6 44. Kc4 a5 45. Rd2 Bf8 46. Rd8 Bxc5 47.
Rc8+ Kb6 48. Rxc5 Rxa2 49. Rxe5 Rc2+ 50. Kd5 a4 51. Re6+ Kc7 52. Na5 b3 53.
Re7+ Kb6 54. Nc4+ Ka6 55. Re6+ Kb7 56. Na5+ Kc7 57. Nc4 Rxg2 58. Ra6 b2 59.
Nxb2 Rxb2 60. Rxa4 Rxh2 61. Ke5 f4 62. Rc4+ Kb6 63. Rd4 Kc5 64. Re4 Rf2 65. Kf5
Rxf3 66. Kg6 Rh3 67. Ra4 f3 68. Ra3 g4 0-1

[Event "Julian Mazur Memorial"]
[Site "Wellington Chess Club"]
[Date "2010.11.02"]
[Round "3"]
[White "Jackson, Ross"]
[Black "Kay, Bruce"]
[Result "1-0"]
[WhiteElo "1977"]
[BlackElo "1738"]

1. d4 Nf6 2. c4 c5 3. d5 b5 4. cxb5 a6 5. bxa6 Bxa6 6. b3 d6 7. Bb2 g6 8. Nf3
Bg7 9. g3 O-O 10. Bg2 Nbd7 11. O-O Qa5 12. Bc3 Qc7 13. Re1 Rab8 14. e4 Nb6 15.
a4 Bb7 16. Nbd2 Nfd7 17. Bxg7 Kxg7 18. a5 {Rest of the scoresheet illegible}
1-0

[Event "Julian Mazur Memorial"]
[Site "Wellington Chess Club"]
[Date "2010.11.02"]
[Round "3"]
[White "Marney, John"]
[Black "Stoeveken, Peter"]
[Result "0-1"]
[WhiteElo "1503"]
[BlackElo "1584"]

1. e4 e6 2. d4 d5 3. Nd2 c5 4. c3 Nc6 5. Ngf3 Qb6 6. exd5 exd5 7. Nb3 Bg4 8.
Be2 Nf6 9. Be3 cxd4 10. Nfxd4 Nxd4 11. Qxd4 Qxd4 12. Nxd4 Be7 13. Rd1 a6 14. f3
Be6 15. Bd3 Bc5 16. g4 Nd7 17. Ke2 O-O-O 18. b4 Bb6 19. a4 h5 20. h3 Rde8 21.
a5 Bc7 22. Nf5 g6 23. Ng7 Re7 24. Nxe6 Rxe6 25. Kf2 Rhe8 26. Rhe1 h4 27. f4 g5
28. Bf5 R6e7 29. Rxd5 gxf4 30. Bd2 Be5 31. Bxd7+ Rxd7 32. Rxd7 Kxd7 33. Kf3 Ke6
34. Re4 Rc8 35. c4 Kd6 36. Bxf4 0-1

[Event "Julian Mazur Memorial"]
[Site "Wellington Chess Club"]
[Date "2010.11.02"]
[Round "3"]
[White "Nyberg, Michael"]
[Black "Capper, David"]
[Result "1-0"]
[WhiteElo "1998"]
[BlackElo "1744"]

1. e4 g6 2. d3 d6 3. Be2 Bg7 4. Nd2 e5 5. Nc4 Nc6 6. c3 Nf6 7. g4 h5 8. g5 Nh7
9. h4 b5 10. Ne3 Be6 11. Nf3 O-O 12. Qc2 a6 13. Bd2 f5 14. gxf6 Nxf6 15. Ng5
Qd7 16. Rg1 Bf7 17. O-O-O Nh7 18. Nxf7 Qxf7 19. Bxh5 Ne7 20. Bxg6 Nxg6 21. h5
Nf4 22. h6 Ng6 23. hxg7 Qxg7 24. Nf5 Qf6 25. Rxg6+ Qxg6 26. Ne7+ Kg7 27. Nxg6
Kxg6 28. Rg1+ Kf6 29. Qb3 Ke7 30. Rg7+ 1-0

[Event "Julian Mazur Memorial"]
[Site "Wellington Chess Club"]
[Date "2010.11.02"]
[Round "3"]
[White "Pomeroy, Arthur"]
[Black "Van der Hoorn, Mark"]
[Result "1-0"]
[WhiteElo "2099"]
[BlackElo "2182"]

1. e4 e5 2. Nf3 f5 3. Nxe5 fxe4 4. Qh5+ g6 5. Nxg6 Nf6 6. Qe5+ Be7 7. Nxh8 Nc6
8. Qg3 d5 9. Bb5 Be6 10. d3 Qd7 11. Nc3 O-O-O 12. Bxc6 bxc6 13. dxe4 d4 14. Qd3
dxc3 15. Qa6+ Kb8 16. Be3 c5 17. bxc3 c6 18. O-O Rxh8 19. Bf4+ Ka8 20. Rab1
Nxe4 21. Rfd1 Bd5 22. c4 Nxf2 23. Kxf2 Rf8 24. Kg1 Rxf4 25. cxd5 Rg4 26. Qxc6+
1-0

[Event "Julian Mazur Memorial"]
[Site "Wellington Chess Club"]
[Date "2010.11.02"]
[Round "3"]
[White "Sellen, Ian"]
[Black "Ker, Anthony"]
[Result "0-1"]
[WhiteElo "2026"]
[BlackElo "2432"]

1. c4 e5 2. Nc3 Bb4 3. Nf3 Nc6 4. Qc2 Nf6 5. e3 O-O 6. Be2 Re8 7. O-O Bxc3 8.
dxc3 e4 9. Nd4 Ne5 10. c5 b6 11. b4 d6 12. Rd1 Bb7 13. cxd6 Qxd6 14. Nf5 Qf8
15. a4 g6 16. Ng3 h5 17. h3 Qe7 18. Ba3 h4 19. Nf1 Qe6 20. Rd4 Nf3+ 21. Bxf3
exf3 22. Rxh4 fxg2 23. Nh2 Kg7 24. Ng4 Rh8 25. Rxh8 Rxh8 26. Nxf6 0-1

[Event "Julian Mazur Memorial"]
[Site "Wellington Chess Club"]
[Date "2010.11.02"]
[Round "3"]
[White "Veldhuizen, Matt"]
[Black "Drinkwater, Blaise"]
[Result "1/2-1/2"]
[WhiteElo "1481"]
[BlackElo "1425"]

1. e4 d5 2. exd5 Nf6 3. c4 c6 4. Qa4 Bd7 5. Qb3 Qc7 6. Nf3 cxd5 7. Nc3 dxc4 8.
Bxc4 e6 9. d4 Bc6 10. Be2 Bd5 11. Nxd5 Nxd5 12. Bd2 Nc6 13. Rc1 Bd6 14. O-O O-O
15. Bc4 Rfd8 16. Bxd5 exd5 17. Rfe1 Qb6 18. Qxb6 axb6 19. a3 Re8 20. h3 Re4 21.
Be3 Bf4 22. Bxf4 Rxf4 23. Rcd1 Re4 24. Kf1 f6 25. Rd3 Rae8 26. Rde3 Kf7 27.
R1e2 g5 28. g4 Kg6 29. Kg2 f5 30. gxf5+ Kxf5 31. Kg3 h5 32. Rxe4 dxe4 33. d5
h4+ 34. Kh2 Ne5 35. Nd4+ Kf4 36. Ne6+ Kf3 37. Rc2 g4 38. Ng5+ Kf4 39. Ne6+ Kf3
40. Ng5+ 1/2-1/2

[Event "Julian Mazur Memorial"]
[Site "Wellington Chess Club"]
[Date "2010.11.02"]
[Round "3"]
[White "Wilson, Dallas"]
[Black "Forster, Bill"]
[Result "0-1"]
[WhiteElo "1712"]
[BlackElo "1984"]

1. e4 c5 2. Nf3 Nc6 3. d4 cxd4 4. c3 e5 5. Bc4 Be7 6. O-O Nf6 7. cxd4 O-O 8.
Nc3 d6 9. Bb5 Bd7 10. Re1 Qb8 11. Nd5 Qd8 12. Nc3 Qa5 13. Bg5 Rfd8 14. a3 Rac8
15. d5 Nb8 16. Bxd7 Rxd7 17. Rc1 Qd8 18. Re2 Rdc7 19. Rec2 Nbd7 20. b4 Nb6 21.
Bxf6 Bxf6 22. Ne2 Nc4 23. Qd3 b5 24. Nd2 Bg5 25. f4 exf4 26. Nxc4 f3 27. gxf3
Bxc1 28. Nxc1 Qg5+ 29. Kf2 Rxc4 30. Rxc4 Rxc4 31. Ne2 Qe5 32. Kg2 Qb2 33. Kg3
g6 34. f4 Rc2 35. Kf3 a6 36. e5 Rd2 37. Qc3 Qxc3+ 38. Nxc3 Rd3+ 39. Ke4 Rxc3
40. exd6 Kf8 0-1

[Event "Julian Mazur Memorial"]
[Site "Wellington Chess Club"]
[Date "2010.11.09"]
[Round "4"]
[White "Capper, David"]
[Black "Farrington, Lawrence"]
[Result "1/2-1/2"]
[WhiteElo "1744"]
[BlackElo "1696"]

1. Nf3 Nf6 2. g3 d5 3. d3 c6 4. Bg2 Bg4 5. Nbd2 Nbd7 6. O-O e5 7. e4 dxe4 8.
dxe4 Bd6 9. h3 Bxf3 10. Qxf3 Qe7 11. c3 O-O 12. b4 Rac8 13. Nc4 Bb8 14. Rd1 Qe6
15. Qe2 Bc7 16. a4 Nb6 17. Nxb6 axb6 18. Qc2 Rfd8 19. Be3 Rd7 20. Rxd7 Nxd7 21.
c4 Rd8 22. Rd1 Qe7 23. c5 bxc5 24. bxc5 Nf6 25. Rxd8+ Qxd8 26. Qb3 Qc8 27. Qb4
Bd8 28. a5 Qc7 29. Qc3 Nd7 30. Qd3 Be7 31. Qc3 Qd8 1/2-1/2

[Event "Julian Mazur Memorial"]
[Site "Wellington Chess Club"]
[Date "2010.11.09"]
[Round "4"]
[White "Drinkwater, Blaise"]
[Black "Aldridge, Alan"]
[Result "0-1"]
[WhiteElo "1425"]
[BlackElo "1909"]

1. e4 e5 2. Nf3 Nc6 3. Bc4 Nf6 4. Ng5 d5 5. Nxf7 Kxf7 6. exd5 Na5 7. d4 Nxc4 8.
Qe2 Qxd5 9. dxe5 Qxe5 10. Be3 Nxe3 11. fxe3 Bd6 12. Rf1 Re8 0-1

[Event "Julian Mazur Memorial"]
[Site "Wellington Chess Club"]
[Date "2010.11.09"]
[Round "4"]
[White "Kay, Bruce"]
[Black "Havukkala, Ilkka"]
[Result "1/2-1/2"]
[WhiteElo "1738"]
[BlackElo "1600"]

1. d4 d5 2. c4 Nf6 3. Nc3 Bf5 4. Nf3 e6 5. Bg5 Bb4 6. e3 O-O 7. Bd3 dxc4 8.
Bxc4 h6 9. Bh4 g5 10. Bg3 Ne4 11. Qb3 Bxc3+ 12. bxc3 b6 13. Rd1 c6 14. O-O h5
15. Bxb8 Rxb8 16. Ne5 Rc8 17. f3 Nd6 18. Be2 f6 19. Nd3 Qe7 20. e4 Bg6 21. Qa3
Qd7 22. Nf2 f5 23. e5 Nf7 24. Bd3 Nh6 25. Qc1 Qe7 26. Nh3 Nf7 27. g3 Kg7 28. f4
g4 29. Ng5 h4 30. Nxf7 Bxf7 31. Kf2 Rh8 32. Rh1 Qd7 33. Bc4 Qb7 34. Be2 Rhd8
35. Qb2 Be8 36. Qa3 b5 37. Qb2 a6 38. Rhg1 Qb6 39. Qb3 c5 40. Qb2 cxd4 41. cxd4
Bc6 42. Rd2 Rh8 43. gxh4 Rxh4 44. Ke1 Rxh2 45. Bxg4 {Cannot read rest of game}
1/2-1/2

[Event "Julian Mazur Memorial"]
[Site "Wellington Chess Club"]
[Date "2010.11.16"]
[Round "5"]
[White "Aldridge, Alan"]
[Black "Farrington, Lawrence"]
[Result "1/2-1/2"]
[WhiteElo "1890"]
[BlackElo "1698"]

1. d4 d5 2. c4 Nc6 3. Nf3 Bg4 4. cxd5 Bxf3 5. exf3 Qxd5 6. Be3 e6 7. Nc3 Bb4 8.
Bd3 Nf6 9. O-O Qd7 10. Ne4 Be7 11. Bb5 a6 12. Qa4 O-O 13. Bxc6 bxc6 14. Rac1
Rfb8 15. b3 Nd5 16. Qxc6 Qd8 17. Nc3 Rb6 18. Qc4 Rb4 19. Qd3 c6 20. Rfd1 Rb7
21. Nxd5 cxd5 22. Rc6 Rb6 23. Rdc1 a5 24. g3 h6 25. Qc2 Rxc6 26. Qxc6 Bb4 27.
a4 Rb8 28. Qc2 Ba3 29. Rb1 Rc8 30. Qd3 Rc6 31. f4 Qc7 32. Bd2 Bb4 33. Bxb4 axb4
34. Qb5 Rb6 35. Qd3 Qc3 36. Qxc3 bxc3 37. a5 c2 38. Rc1 Rxb3 39. Rxc2 Ra3 40.
Rc5 Kf8 41. Rc8+ Ke7 42. Ra8 Kf6 43. g4 Ra4 44. Kg2 Rxd4 45. Kf3 g5 46. fxg5+
hxg5 47. a6 Ke5 48. a7 Ra4 49. Rg8 Ra3+ 50. Ke2 Rxa7 51. Rxg5+ Kf4 52. Rg7 Ra2+
53. Kd3 f6 54. Rg6 Ra3+ 55. Ke2 Ra2+ 56. Kd3 Ke5 57. f4+ Kxf4 58. Rxf6+ Ke5 59.
Rh6 Ra3+ 60. Ke2 d4 61. g5 Ra8 62. h4 Rg8 63. Kd3 Kd5 64. Rh7 e5 65. Rd7+ Ke6
66. Ra7 Kf5 67. Rf7+ Kg4 68. Re7 Kf5 69. Rf7+ 1/2-1/2

[Event "Julian Mazur Memorial"]
[Site "Wellington Chess Club"]
[Date "2010.11.16"]
[Round "5"]
[White "Capper, David"]
[Black "Stoeveken, Peter"]
[Result "0-1"]
[WhiteElo "1749"]
[BlackElo "1663"]

1. Nf3 f5 2. d3 Nf6 3. g3 b6 4. Bg2 Bb7 5. Nbd2 d6 6. O-O e5 7. Re1 Be7 8. e4
fxe4 9. dxe4 h6 10. Nh4 O-O 11. Nf5 Nbd7 12. c3 Nc5 13. f3 Bc8 14. Nxe7+ Qxe7
15. Nf1 Ba6 16. Re3 Rad8 17. b4 Ne6 18. Qb3 Bb7 19. Bh3 d5 20. exd5 Bxd5 21. c4
Nd4 22. Qd3 Bb7 23. Qg6 Rd6 24. Nd2 Nd5 25. Qxd6 Qxd6 26. cxd5 Nc2 27. Be6+ Kh8
28. Nc4 Qd8 29. Bb2 Nxe3 30. Nxe3 Bc8 31. Bxc8 Qxc8 32. Kg2 Qa6 33. Kf2 e4 34.
f4 Kh7 35. a3 Qd3 36. Rd1 Qb3 0-1

[Event "Julian Mazur Memorial"]
[Site "Wellington Chess Club"]
[Date "2010.11.16"]
[Round "5"]
[White "Havukkala, Ilkka"]
[Black "Brockway, Andrew"]
[Result "1-0"]
[WhiteElo "1600"]
[BlackElo "1803"]

1. e4 c5 2. Nf3 g6 3. d4 cxd4 4. Nxd4 Nc6 5. Be3 Bg7 6. c3 Nf6 7. Nd2 d5 8. Qc2
Nxd4 9. Bxd4 O-O 10. e5 Bf5 11. Bd3 Bxd3 12. Qxd3 Nd7 13. f4 e6 14. h4 f6 15.
Nf3 fxe5 16. fxe5 Bh6 17. g4 Rf4 18. g5 Qf8 19. Rf1 Bg7 20. Kd2 Qf7 21. Nh2
Nxe5 22. Qg3 Nc4+ 23. Ke2 Re4+ 24. Kd3 Qd7 25. Ng4 Nxb2+ 26. Kd2 Qb5 27. Qf3
Nc4+ 28. Kd1 Qa4+ 29. Kc1 Qa3+ 30. Kd1 Qb2 31. Qf7+ 1-0

[Event "Julian Mazur Memorial"]
[Site "Wellington Chess Club"]
[Date "2010.11.16"]
[Round "5"]
[White "Jackson, Ross"]
[Black "Turner, Michael"]
[Result "0-1"]
[WhiteElo "2013"]
[BlackElo "2088"]

1. d4 Nf6 2. c4 e6 3. Nc3 Bb4 4. Qc2 d5 5. a3 Be7 6. cxd5 exd5 7. Bg5 Nbd7 8.
e3 h6 9. Bh4 O-O 10. Bd3 c5 11. Nf3 b6 12. O-O Bb7 13. Rfe1 Re8 14. Ne2 Ne4 15.
Bg3 Qc8 {rest of the game illegible} 0-1

[Event "Julian Mazur Memorial"]
[Site "Wellington Chess Club"]
[Date "2010.11.16"]
[Round "5"]
[White "Proctor, Matthew"]
[Black "Kay, Bruce"]
[Result "0-1"]
[WhiteElo "1435"]
[BlackElo "1802"]

1. e4 e5 2. Nf3 Nc6 3. Bc4 Nf6 4. Ng5 d5 5. exd5 Na5 6. Bb5+ c6 7. dxc6 bxc6 8.
Be2 h6 9. Nh3 Be7 10. d3 O-O 11. Nc3 Rb8 12. O-O Bc5 13. Kh1 Re8 14. f4 exf4
15. Bxf4 Bd6 16. Qc1 Bxf4 17. Nxf4 Bg4 18. Bxg4 Nxg4 19. Rf3 Qb6 20. b3 Nf2+
21. Rxf2 Qxf2 22. Ne4 Qd4 23. Nh5 Qe5 24. g4 Nb7 25. Qf1 Nd6 26. Re1 Nxe4 27.
Rxe4 Qd5 28. Qf5 Qxf5 29. gxf5 Rxe4 30. dxe4 f6 31. Kg2 Rd8 32. h4 Rd2+ 33. Kf3
Rxc2 34. Kf4 Rf2+ 35. Kg4 Rxa2 36. Kf4 Rb2 37. e5 fxe5+ 38. Kxe5 Rxb3 39. Ke6
Rc3 40. Ke7 a5 41. Nxg7 Kxg7 42. f6+ Kg6 43. f7 Re3+ 44. Kf8 Rf3 45. h5+ Kxh5
46. Kg8 a4 47. f8=Q Rxf8+ 0-1

[Event "Julian Mazur Memorial"]
[Site "Wellington Chess Club"]
[Date "2010.11.16"]
[Round "5"]
[White "Sellen, Ian"]
[Black "Nijman, Brian"]
[Result "0-1"]
[WhiteElo "2032"]
[BlackElo "2157"]

1. c4 c6 2. g3 d5 3. cxd5 cxd5 4. d4 Bf5 5. Qb3 Qd7 6. Nc3 Nc6 7. e3 e6 8. Nf3
Bd6 9. Nh4 Bg4 10. h3 Bh5 11. g4 Be7 12. Nf3 Bg6 13. Bb5 Nf6 14. Ne5 Qc7 15.
Qa4 O-O 16. Bxc6 bxc6 17. Qxc6 Qxc6 18. Nxc6 Bd6 19. Ne5 Bxe5 20. dxe5 Ne4 21.
Ne2 Rfc8 22. O-O Ng5 23. Kg2 Be4+ 24. Kg3 Bd3 25. Re1 Ne4+ 26. Kg2 Rc2 27. Nd4
Rxf2+ 28. Kg1 Rc8 29. a4 f6 30. Ra3 fxe5 31. Rxd3 exd4 32. exd4 Rcc2 33. Rxe4
dxe4 34. Re3 Rfe2 0-1

[Event "Julian Mazur Memorial"]
[Site "Wellington Chess Club"]
[Date "2010.11.16"]
[Round "5"]
[White "Stracy, Don"]
[Black "Nyberg, Michael"]
[Result "0-1"]
[WhiteElo "1796"]
[BlackElo "2036"]

1. e4 e6 2. d4 d5 3. Nd2 Be7 4. Bd3 c5 5. c3 Nc6 6. Ne2 Qb6 7. Nf3 Nf6 8. e5
Nd7 9. O-O Nf8 10. b3 Ng6 11. Be3 Bd7 12. Kh1 Rc8 13. Qd2 a6 14. Rac1 O-O 15.
Bb1 cxd4 16. cxd4 Ba3 17. Rc2 Bb4 18. Qd1 Be7 19. Bg5 f5 20. exf6 Bxf6 21. Bxf6
Rxf6 22. Nc3 Rcf8 23. Na4 Qb4 24. Nc5 Bc8 25. Nd3 Qb6 26. Nb2 Nf4 27. Na4 Qd8
28. Ne5 Qd6 29. Re1 Ne7 30. Rd2 Nf5 31. Nc3 Qb4 32. Ne2 Nxe2 33. Rexe2 Qc3 34.
Rd3 Qb4 35. Qd2 Qb6 36. Bc2 Nd6 37. Rc3 Ne4 38. Bxe4 dxe4 39. Rxc8 Rxc8 40. Nd7
Qxd4 41. Nxf6+ Qxf6 42. Qe1 Qg5 43. Qf1 Qf4 44. Re3 Rc2 45. Kg1 Rxa2 46. g3 Qe5
47. Qc4 Ra1+ 48. Kg2 Qd5 49. Rxe4 Rc1 50. Qxd5 exd5 51. Rd4 Rc5 52. Kf3 Kf7 53.
Kf4 Ke6 54. h4 b5 55. g4 a5 56. g5 Rc3 57. b4 a4 58. Kg4 Rc4 59. Rxc4 dxc4 60.
f4 a3 61. f5+ Kf7 62. h5 a2 63. g6+ hxg6 64. fxg6+ Kf6 0-1

[Event "Julian Mazur Memorial"]
[Site "Wellington Chess Club"]
[Date "2010.11.16"]
[Round "5"]
[White "Van der Hoorn, Mark"]
[Black "Roberts, Michael"]
[Result "1-0"]
[WhiteElo "2147"]
[BlackElo "1622"]

1. e4 e5 2. Nc3 Nf6 3. f4 d6 4. Nf3 Be7 5. fxe5 dxe5 6. Nxe5 Nxe4 7. d4 Nxc3 8.
bxc3 O-O 9. Bd3 Nd7 10. O-O Nxe5 11. dxe5 Be6 12. Qe2 Bc5+ 13. Kh1 c6 14. Qh5
g6 15. Qh6 Qc7 16. Bg5 Be7 17. Bf6 1-0